000 00569nam a2200217 a 4500
005 20140310183437.0
008 080206s19uu xx 00 eng d
020 _a9780073529851
050 _aHF 5415.3
_b.P468 2008
100 _aPeter, Paul J.
245 _aConsumer behavior & marketing strategy.
250 _a8th ed.
260 _aBoston :
_bMcGraw-Hill,
_c2008.
300 _a555 p. :
_bill. ;
_c26 cm.
521 _aBSBA
650 _aConsumer behavior.
650 _aMarketing.
700 _aOlson, Jerry C.
942 _cBK
_2lcc
_kFOR
999 _c22979
_d22979